000 00602cab a2200217 4500
001 X90426
008 090401t1998 xxu||||| |||| 00| 0 eng d
035 _a(Sirsi) u84889
041 _aeng
245 _aEnforcement notice
260 _c1998
350 _a0
490 _aEstates Gazette Case Summaries
_v[1998] EGCS 32
520 _a"Tandridge DC v Verrechia" OR 23 February 1998.
650 _aENFORCEMENT NOTICE
650 _aPLANNING PERMISSION
650 _aTOWN AND COUNTRY PLANNING ACT 1990 S173
690 _aPLANNING LAW AND PRACTICE-CASE LAW
942 _n0
948 _c16/03/1998
999 _c53390
_d53390